[Event "8. Open Bali sub-2000"]
[Site "Benidorm ESP"]
[Date "2009.12.01"]
[Round "4.55"]
[White "Bas Sanchez, Jose Joaquin"]
[Black "Blanco, Juan"]
[Result "0-1"]
[WhiteElo "1750"]
[BlackElo "1941"]
[PlyCount "70"]
[EventDate "2009.11.28"]
[EventType "swiss"]
[EventRounds "10"]
[EventCountry "ESP"]
[Source "lmi"]
[SourceDate "2009.11.28"]

1. e4 c5 2. Nf3 d6 3. d4 cxd4 4. Nxd4 Nf6 5. Nc3 Nc6 6. Be2 e5 7. Ndb5 a6 8.
Na3 Nd4 9. Bd3 Be6 10. Bg5 Be7 11. O-O b5 12. Bxf6 Bxf6 13. Nd5 O-O 14. c3 Nc6
15. Nc2 Bg5 16. a4 Rb8 17. axb5 axb5 18. Qe2 Na5 19. Ncb4 Bxd5 20. Nxd5 Nb3 21.
Ra7 Nc1 22. Qc2 Nxd3 23. Qxd3 Qc8 24. Rfa1 Qc4 25. Qxc4 bxc4 26. Nb4 f5 27. Rd7
fxe4 28. Raa7 Bh6 29. Rxd6 e3 30. f3 e2 31. Ra1 Be3+ 32. Kh1 Rfd8 33. Rxd8+
Rxd8 34. Re1 Rd1 35. Nc2 Bf2 0-1

[Event "8. Open Bali sub-2000"]
[Site "Benidorm ESP"]
[Date "2009.12.01"]
[Round "4.70"]
[White "Helin, Mikael"]
[Black "Lehto, Mikko"]
[Result "1-0"]
[WhiteElo "1967"]
[BlackElo "1812"]
[PlyCount "59"]
[EventDate "2009.11.28"]
[EventType "swiss"]
[EventRounds "10"]
[EventCountry "ESP"]
[Source "lmi"]
[SourceDate "2009.11.28"]

1. e4 e6 2. Nf3 b6 3. a3 Bb7 4. d3 Ne7 5. b4 a5 6. b5 c6 7. Nc3 g6 8. d4 Bg7 9.
Bf4 c5 10. Ne5 d6 11. Nc4 Nc8 12. e5 d5 13. Ne3 Nd7 14. Ne2 f6 15. Ng4 fxe5 16.
dxe5 Ne7 17. Bg5 Nxe5 18. Nf6+ Kf7 19. f4 Bxf6 20. Bxf6 Kxf6 21. fxe5+ Kf7 22.
Nf4 Bc8 23. Qg4 h5 24. Qg5 c4 25. Be2 Nf5 26. Qxg6+ Kf8 27. O-O Rh6 28. Nxe6+
Ke7 29. Qg5+ Kxe6 30. Qxf5+ 1-0

[Event "8. Open Bali sub-2000"]
[Site "Benidorm ESP"]
[Date "2009.12.02"]
[Round "5.1"]
[White "Hoffmann, Roger"]
[Black "Torino Caballero, Luis F"]
[Result "1/2-1/2"]
[WhiteElo "1998"]
[BlackElo "1954"]
[PlyCount "105"]
[EventDate "2009.11.28"]
[EventType "swiss"]
[EventRounds "10"]
[EventCountry "ESP"]
[Source "lmi"]
[SourceDate "2009.11.28"]

1. d4 Nf6 2. Bg5 Ne4 3. Bf4 c5 4. f3 Qa5+ 5. c3 Nf6 6. d5 Qb6 7. Bc1 g6 8. e4
d6 9. Na3 Nbd7 10. Bb5 Bg7 11. Ne2 O-O 12. O-O a6 13. Bxd7 Bxd7 14. c4 Qc7 15.
Bd2 b5 16. Qc1 Rfb8 17. cxb5 axb5 18. Kh1 b4 19. Nc2 Ra7 20. Bh6 Bb5 21. Bxg7
Kxg7 22. Re1 Nd7 23. Qe3 Ne5 24. b3 Rba8 25. Nc1 Kg8 26. f4 Nd7 27. Qd2 Qb8 28.
Ne3 Qf8 29. Ne2 Qg7 30. Rec1 Nf6 31. Qc2 Bxe2 32. e5 dxe5 33. fxe5 Nxd5 34.
Nxd5 Qxe5 35. Qxc5 Ra5 36. Nxe7+ Kg7 37. Qxe5+ Rxe5 38. Nc6 Re4 39. Re1 Rae8
40. Kg1 Bb5 41. Rxe4 Rxe4 42. Rc1 Bxc6 43. Rxc6 Re2 44. Ra6 h5 45. h3 h4 46.
Ra4 g5 47. Rxb4 Rxa2 48. g4 hxg3 49. Rg4 Kh6 50. Rxg3 f5 51. Rf3 Kg6 52. Rf2
Ra1+ 53. Rf1 1/2-1/2

[Event "8. Open Bali sub-2000"]
[Site "Benidorm ESP"]
[Date "2009.12.02"]
[Round "5.2"]
[White "Proorocu, Aurel-George"]
[Black "Hall, Rachid"]
[Result "0-1"]
[WhiteElo "1951"]
[BlackElo "1969"]
[PlyCount "96"]
[EventDate "2009.11.28"]
[EventType "swiss"]
[EventRounds "10"]
[EventCountry "ESP"]
[Source "lmi"]
[SourceDate "2009.11.28"]

1. d4 e6 2. Nf3 f5 3. e3 Nf6 4. Bc4 d5 5. Bd3 Bd6 6. O-O O-O 7. b3 Nbd7 8. Bb2
Qe8 9. Nbd2 Qg6 10. c4 c6 11. Ne5 Qh6 12. Be2 f4 13. exf4 Qxf4 14. g3 Qh6 15.
f4 Bb4 16. Ndf3 Nxe5 17. Nxe5 Bd6 18. Bc1 Ne4 19. Bd3 Nf6 20. c5 Bc7 21. Be2 g6
22. f5 Qg7 23. fxg6 hxg6 24. Nf3 Ne4 25. Be3 Bd7 26. Bd3 Nf6 27. Nh4 Ne4 28.
Qg4 g5 29. Nf3 e5 30. Qh5 Nf6 31. Qxg5 e4 32. Nh4 exd3 33. Ng6 Rf7 34. h4 Ne4
35. Rxf7 Nxg5 36. Rxg7+ Kxg7 37. Nf4 Bxf4 38. Bxf4 Nh3+ 39. Kg2 Nxf4+ 40. gxf4
Bf5 41. Kf3 Be4+ 42. Ke3 Rg8 43. Rg1+ Kf7 44. Rg5 Rxg5 45. hxg5 Kg6 46. Kd2 Kf5
47. Ke3 Kg4 48. b4 a5 0-1

[Event "8. Open Bali sub-2000"]
[Site "Benidorm ESP"]
[Date "2009.12.02"]
[Round "5.4"]
[White "Patino Andreu, Ramon"]
[Black "Strand, Oyvin"]
[Result "1-0"]
[WhiteElo "1992"]
[BlackElo "1958"]
[PlyCount "85"]
[EventDate "2009.11.28"]
[EventType "swiss"]
[EventRounds "10"]
[EventCountry "ESP"]
[Source "lmi"]
[SourceDate "2009.11.28"]

1. e4 e6 2. d4 d5 3. exd5 exd5 4. Qf3 Nf6 5. Bd3 Nc6 6. c3 Be7 7. Ne2 O-O 8. h3
a6 9. O-O b5 10. Bf4 Be6 11. Nd2 Na5 12. b4 Nc4 13. Nb3 Nd7 14. Ng3 Bg5 15.
Rfe1 Bxf4 16. Qxf4 Qf6 17. Nh5 Qxf4 18. Nxf4 Rfe8 19. Re2 Nd6 20. Rae1 Nf8 21.
Nc5 g6 22. Nfxe6 Nxe6 23. Nxe6 Rxe6 24. Rxe6 fxe6 25. Rxe6 Kf7 26. Re3 a5 27.
a3 Kf6 28. g4 axb4 29. axb4 Ra3 30. Bf1 c6 31. f3 h6 32. Kg2 Ra8 33. Kg3 Ra1
34. Be2 Rg1+ 35. Kf2 Rh1 36. Bf1 Rh2+ 37. Bg2 h5 38. Kg1 Rxg2+ 39. Kxg2 h4 40.
Kf2 g5 41. Ke2 Nc8 42. Re8 Ne7 43. Rxe7 1-0

[Event "8. Open Bali sub-2000"]
[Site "Benidorm ESP"]
[Date "2009.12.02"]
[Round "5.5"]
[White "Frey, Armin"]
[Black "Maza Broto, Pablo"]
[Result "0-1"]
[WhiteElo "1959"]
[BlackElo "1990"]
[PlyCount "82"]
[EventDate "2009.11.28"]
[EventType "swiss"]
[EventRounds "10"]
[EventCountry "ESP"]
[Source "lmi"]
[SourceDate "2009.11.28"]

1. f4 d5 2. e3 c5 3. Nf3 Bg4 4. Be2 Bxf3 5. Bxf3 Nf6 6. O-O Nc6 7. d4 e6 8. c3
Ne4 9. Nd2 f5 10. Be2 Bd6 11. Nxe4 fxe4 12. Bg4 Qe7 13. Bd2 g6 14. Qb3 h5 15.
Bh3 c4 16. Qd1 O-O-O 17. b4 Rdg8 18. Be1 Nd8 19. g3 g5 20. f5 g4 21. f6 Qf7 22.
Bg2 Rg6 23. Bd2 Rxf6 24. Qe2 Rxf1+ 25. Rxf1 Qg6 26. Be1 Nf7 27. Qf2 Ng5 28. Qf6
Rg8 29. Qxg6 Rxg6 30. a4 Kd7 31. Bf2 Nf3+ 32. Bxf3 gxf3 33. Kh1 e5 34. Rg1 exd4
35. exd4 Be7 36. h4 Bf8 37. Kh2 Bh6 38. Re1 Bd2 39. Rb1 e3 40. Be1 Bxe1 41.
Rxe1 f2 0-1

[Event "8. Open Bali sub-2000"]
[Site "Benidorm ESP"]
[Date "2009.12.02"]
[Round "5.6"]
[White "Borja Perez, Jose"]
[Black "Aledo Lopez, Angel"]
[Result "1/2-1/2"]
[WhiteElo "1949"]
[BlackElo "1988"]
[PlyCount "75"]
[EventDate "2009.11.28"]
[EventType "swiss"]
[EventRounds "10"]
[EventCountry "ESP"]
[Source "lmi"]
[SourceDate "2009.11.28"]

1. d4 Nf6 2. Nf3 e6 3. c4 b6 4. Nc3 Bb4 5. Bg5 h6 6. Bf4 O-O 7. e3 Bxc3+ 8.
bxc3 Ne4 9. Qc2 Bb7 10. Bd3 f5 11. Nd2 Nxd2 12. Qxd2 g5 13. Bg3 d6 14. f3 Nd7
15. O-O-O Qf6 16. h4 Kg7 17. e4 fxe4 18. fxe4 e5 19. Rdf1 Qg6 20. Qe2 Rxf1+ 21.
Rxf1 Rf8 22. Rxf8 Kxf8 23. Qg4 Ke7 24. d5 Nc5 25. Bc2 Ba6 26. Qe2 Qf6 27. Be1
Bc8 28. Kb2 Qf4 29. Qh5 g4 30. Qg6 Bd7 31. h5 Qg5 32. Qxg5+ hxg5 33. g3 Kf6 34.
Bf2 Nb7 35. Be3 Be8 36. Ka3 Bxh5 37. Bd3 Be8 38. Be2 1/2-1/2

[Event "8. Open Bali sub-2000"]
[Site "Benidorm ESP"]
[Date "2009.12.02"]
[Round "5.7"]
[White "Munuera Sanchez, Jorge Juan"]
[Black "Radu, Andrei"]
[Result "1-0"]
[WhiteElo "1985"]
[BlackElo "1940"]
[PlyCount "51"]
[EventDate "2009.11.28"]
[EventType "swiss"]
[EventRounds "10"]
[EventCountry "ESP"]
[Source "lmi"]
[SourceDate "2009.11.28"]

1. e4 c5 2. Nc3 e6 3. f4 d6 4. Nf3 a6 5. d4 cxd4 6. Nxd4 Be7 7. Be3 Nf6 8. Bd3
Nc6 9. O-O Qc7 10. Qf3 Bd7 11. Nb3 O-O 12. Na4 b5 13. Nb6 Rab8 14. Nxd7 Nxd7
15. c3 Nb6 16. Rae1 Rfd8 17. e5 dxe5 18. Be4 Nd5 19. f5 Bf6 20. fxe6 fxe6 21.
Qh3 Qf7 22. Qxh7+ Kf8 23. Bc5+ Nce7 24. Bg6 Qg8 25. Qh3 Rbc8 26. Rxe5 1-0

[Event "8. Open Bali sub-2000"]
[Site "Benidorm ESP"]
[Date "2009.12.02"]
[Round "5.8"]
[White "Sanz Garcia, Roberto"]
[Black "Kostadinov, Kaloyan"]
[Result "1/2-1/2"]
[WhiteElo "1944"]
[BlackElo "1979"]
[PlyCount "72"]
[EventDate "2009.11.28"]
[EventType "swiss"]
[EventRounds "10"]
[EventCountry "ESP"]
[Source "lmi"]
[SourceDate "2009.11.28"]

1. e4 d6 2. d4 Nf6 3. Nc3 g6 4. f3 Bg7 5. Be3 Nbd7 6. Qd2 h6 7. O-O-O e5 8. d5
a6 9. h4 b5 10. g4 Rb8 11. g5 hxg5 12. Bxg5 Nb6 13. a3 Bd7 14. Na2 Qc8 15. Qa5
Qb7 16. Nb4 Ra8 17. b3 Nh5 18. Ne2 O-O 19. Bh3 Bxh3 20. Rxh3 Nd7 21. Nc6 f6 22.
Be3 Kf7 23. Ng3 Rh8 24. Nxh5 Rxh5 25. Rg1 Bh6 26. Bxh6 Rxh6 27. Qd2 Rh5 28. Qg2
Rh6 29. Rg3 Nf8 30. Qd2 Rxh4 31. Qg2 Rh6 32. Rh3 Rxh3 33. Qxh3 Qb6 34. Rh1 Qe3+
35. Kb1 Re8 36. Qh8 Qxf3 1/2-1/2

[Event "8. Open Bali sub-2000"]
[Site "Benidorm ESP"]
[Date "2009.12.02"]
[Round "5.9"]
[White "Kohler, Paul"]
[Black "Machado Hernandez, Junior"]
[Result "1-0"]
[WhiteElo "1901"]
[BlackElo "1975"]
[PlyCount "65"]
[EventDate "2009.11.28"]
[EventType "swiss"]
[EventRounds "10"]
[EventCountry "ESP"]
[Source "lmi"]
[SourceDate "2009.11.28"]

1. Nf3 Nf6 2. g3 d5 3. Bg2 Bg4 4. Ne5 Bh5 5. c4 c6 6. Qb3 Qc7 7. d4 e6 8. Bf4
Qb6 9. c5 Qxb3 10. axb3 Na6 11. Ra4 Nd7 12. g4 Nxe5 13. gxh5 Nd7 14. b4 f6 15.
e4 Nab8 16. exd5 exd5 17. O-O g5 18. Re1+ Kf7 19. Bd2 Bg7 20. Nc3 Na6 21. Nxd5
Rhe8 22. Ne3 Nc7 23. Nf5 Rxe1+ 24. Bxe1 Nb5 25. d5 Re8 26. Kf1 Ne5 27. dxc6
bxc6 28. Nd6+ Nxd6 29. cxd6 Rb8 30. Rxa7+ Kg8 31. b5 c5 32. Ba5 Nd7 33. Bc6 1-0

[Event "8. Open Bali sub-2000"]
[Site "Benidorm ESP"]
[Date "2009.12.02"]
[Round "5.13"]
[White "Rubio Tello, Abel"]
[Black "Minko, Janusz"]
[Result "0-1"]
[WhiteElo "1862"]
[BlackElo "1967"]
[PlyCount "62"]
[EventDate "2009.11.28"]
[EventType "swiss"]
[EventRounds "10"]
[EventCountry "ESP"]
[Source "lmi"]
[SourceDate "2009.11.28"]

1. d4 Nf6 2. Nf3 d5 3. Bg5 e6 4. e3 c5 5. c3 cxd4 6. exd4 Be7 7. Bd3 Nc6 8.
Nbd2 Qc7 9. Qe2 h6 10. Bh4 Nh5 11. Bg3 Nxg3 12. hxg3 Bf6 13. g4 g5 14. O-O-O
Bd7 15. Kb1 O-O-O 16. Rc1 Kb8 17. c4 Nxd4 18. Nxd4 Bxd4 19. cxd5 Qe5 20. dxe6
Bxe6 21. f3 Be3 22. Rc2 Qd4 23. Be4 Bxd2 24. Rd1 Qe3 25. Rdxd2 Qg1+ 26. Rc1
Bxa2+ 27. Kxa2 Qxc1 28. Rc2 Qg1 29. Qb5 Qb6 30. Qe5+ Qd6 31. Qxd6+ Rxd6 0-1

[Event "8. Open Bali sub-2000"]
[Site "Benidorm ESP"]
[Date "2009.12.02"]
[Round "5.14"]
[White "Muniz Giron, Carlos"]
[Black "Kolev, Vasil"]
[Result "1-0"]
[WhiteElo "1937"]
[BlackElo "1996"]
[PlyCount "61"]
[EventDate "2009.11.28"]
[EventType "swiss"]
[EventRounds "10"]
[EventCountry "ESP"]
[Source "lmi"]
[SourceDate "2009.11.28"]

1. d4 d5 2. Nf3 Nc6 3. Bf4 Nf6 4. e3 a6 5. h3 Bf5 6. Nbd2 e6 7. c3 Be7 8. Qb3
Rb8 9. Be2 O-O 10. O-O h6 11. Ne5 Bd6 12. Bh2 Ne4 13. Nxe4 Bxe4 14. f3 Bh7 15.
Rae1 f6 16. Nd3 Bxh2+ 17. Kxh2 Ne7 18. g4 Kh8 19. Kg2 Qd6 20. Qb4 Rfd8 21. Rf2
Ng6 22. Qxd6 Rxd6 23. Kg3 e5 24. h4 exd4 25. exd4 c6 26. Nc5 Nf8 27. Bd3 Ne6
28. Rfe2 Nxc5 29. dxc5 Rd7 30. Bxh7 Kxh7 31. Re6 1-0

[Event "8. Open Bali sub-2000"]
[Site "Benidorm ESP"]
[Date "2009.12.02"]
[Round "5.15"]
[White "Sanchez Lopez, Diego"]
[Black "Rico Sanchez, Julio"]
[Result "0-1"]
[WhiteElo "1990"]
[BlackElo "1937"]
[PlyCount "40"]
[EventDate "2009.11.28"]
[EventType "swiss"]
[EventRounds "10"]
[EventCountry "ESP"]
[Source "lmi"]
[SourceDate "2009.11.28"]

1. Nf3 Nf6 2. d4 d5 3. c4 e6 4. Bg5 Nbd7 5. cxd5 exd5 6. Nc3 c6 7. e3 Be7 8.
Bd3 O-O 9. O-O Re8 10. Qc2 Nf8 11. Bxf6 Bxf6 12. b4 Bg4 13. Nd2 b6 14. Nb3 Qd6
15. a3 Bh5 16. Rfc1 Bg6 17. Ne2 Rac8 18. Ng3 Ne6 19. Ra2 Qb8 20. Qd1 Be7 0-1

[Event "8. Open Bali sub-2000"]
[Site "Benidorm ESP"]
[Date "2009.12.02"]
[Round "5.20"]
[White "Perez Garcia, Juan Angel"]
[Black "Morant Gomar, Sergio"]
[Result "1-0"]
[WhiteElo "1978"]
[BlackElo "1908"]
[PlyCount "35"]
[EventDate "2009.11.28"]
[EventType "swiss"]
[EventRounds "10"]
[EventCountry "ESP"]
[Source "lmi"]
[SourceDate "2009.11.28"]

1. e4 c5 2. Nf3 e6 3. Nc3 Nc6 4. d4 cxd4 5. Nxd4 a6 6. Nxc6 bxc6 7. Bd3 Qc7 8.
O-O Bd6 9. f4 Bc5+ 10. Kh1 Ne7 11. Qg4 g6 12. e5 Bb7 13. Ne4 Ba7 14. Nd6+ Kf8
15. Qg5 Ng8 16. f5 Bc5 17. fxg6 Bxd6 18. g7+ 1-0

[Event "8. Open Bali sub-2000"]
[Site "Benidorm ESP"]
[Date "2009.12.02"]
[Round "5.22"]
[White "Perez Garcia, Jose Miguel"]
[Black "Ventura Rius, Andreu"]
[Result "1-0"]
[WhiteElo "1977"]
[BlackElo "1903"]
[PlyCount "73"]
[EventDate "2009.11.28"]
[EventType "swiss"]
[EventRounds "10"]
[EventCountry "ESP"]
[Source "lmi"]
[SourceDate "2009.11.28"]

1. d4 d5 2. Nf3 e6 3. c4 f5 4. g3 Nf6 5. Bg2 c6 6. O-O Bd6 7. b3 O-O 8. Ba3 Ne4
9. Ne5 Bxa3 10. Nxa3 Nd7 11. Nxd7 Bxd7 12. f3 Nf6 13. Qd3 Qe7 14. Nc2 Rae8 15.
e4 fxe4 16. fxe4 dxe4 17. Bxe4 Nxe4 18. Qxe4 e5 19. Rxf8+ Qxf8 20. Rf1 Qd6 21.
d5 Bh3 22. Rf2 Qc5 23. Qe3 Qxe3 24. Nxe3 cxd5 25. Nxd5 e4 26. Ne3 Rd8 27. Re2
g6 28. Nd5 Bf5 29. Nf6+ Kg7 30. Nxe4 Re8 31. Nc3 Rf8 32. Re7+ Kh6 33. Kg2 Bd3
34. g4 Kg5 35. Kg3 h5 36. h4+ Kf6 37. Nd5# 1-0

[Event "8. Open Bali sub-2000"]
[Site "Benidorm ESP"]
[Date "2009.12.02"]
[Round "5.53"]
[White "Cuadrado Lopez, Francisco Javie"]
[Black "Moya Pol, Antonio"]
[Result "0-1"]
[WhiteElo "1956"]
[BlackElo "1865"]
[PlyCount "67"]
[EventDate "2009.11.28"]
[EventType "swiss"]
[EventRounds "10"]
[EventCountry "ESP"]
[Source "lmi"]
[SourceDate "2009.11.28"]

1. g3 Nf6 2. Bg2 d6 3. d3 g6 4. Nd2 Bg7 5. e4 e5 6. Nc4 Be6 7. Ne3 c6 8. Nf3 h6
9. O-O O-O 10. c4 Qc7 11. Qc2 Nbd7 12. a4 Rac8 13. d4 d5 14. cxd5 cxd5 15. Qxc7
Rxc7 16. exd5 Nxd5 17. dxe5 Nb4 18. Bd2 Nd3 19. Bc3 N7xe5 20. Nd4 Bc4 21. Nxc4
Nxc4 22. Nb5 Re7 23. Bxg7 Kxg7 24. Nxa7 Ncxb2 25. Rfb1 Rfe8 26. a5 Re5 27. Bxb7
Re2 28. Nc6 Rxf2 29. Nb4 Ree2 30. Nxd3 Nxd3 31. a6 Nc5 32. Bc6 Ne6 33. a7 Ng5
34. h4 0-1

[Event "8. Open Bali sub-2000"]
[Site "Benidorm ESP"]
[Date "2009.12.02"]
[Round "5.97"]
[White "Camarasa Escutia, Jose"]
[Black "Tome Salvador, Jose Antonio"]
[Result "1-0"]
[WhiteElo "1899"]
[BlackElo "1718"]
[PlyCount "30"]
[EventDate "2009.11.28"]
[EventType "swiss"]
[EventRounds "10"]
[EventCountry "ESP"]
[Source "lmi"]
[SourceDate "2009.11.28"]

1. e4 e5 2. Nf3 Nf6 3. Nc3 d6 4. h3 Nc6 5. Bb5 Bd7 6. O-O Be7 7. d4 exd4 8.
Nxd4 Nxd4 9. Bxd7+ Nxd7 10. Qxd4 Bf6 11. Qb4 Nb6 12. a4 a5 13. Qb3 O-O 14. Be3
c5 15. Rfd1 Qe7 1-0

[Event "8. Open Bali sub-2000"]
[Site "Benidorm ESP"]
[Date "2009.12.03"]
[Round "6.2"]
[White "Minko, Janusz"]
[Black "Hoffmann, Roger"]
[Result "0-1"]
[WhiteElo "1967"]
[BlackElo "1998"]
[PlyCount "72"]
[EventDate "2009.11.28"]
[EventType "swiss"]
[EventRounds "10"]
[EventCountry "ESP"]
[Source "lmi"]
[SourceDate "2009.11.28"]

1. d4 d5 2. c4 c6 3. e3 e6 4. Nf3 Nf6 5. Nc3 Bd6 6. Bd3 Nbd7 7. O-O O-O 8. Qc2
dxc4 9. Bxc4 e5 10. d5 Nb6 11. Ne4 cxd5 12. Nxf6+ Qxf6 13. Bb3 Bg4 14. Ne1 Rac8
15. Qd2 Rfd8 16. h3 Be6 17. Qa5 Bb8 18. Bd2 Nc4 19. Bxc4 Rxc4 20. b3 Rc6 21.
Rc1 Rdc8 22. Nd3 Qg6 23. Rxc6 bxc6 24. Ne1 Bxh3 25. f4 exf4 26. exf4 h6 27. Qc3
Bg4 28. Nf3 Bxf3 29. Qxf3 Bc7 30. f5 Qd6 31. Qh3 Bb6+ 32. Kh1 Qf6 33. Qg4 Re8
34. g3 Re4 35. Bf4 Bc7 36. Qf3 Bxf4 0-1

[Event "8. Open Bali sub-2000"]
[Site "Benidorm ESP"]
[Date "2009.12.03"]
[Round "6.3"]
[White "Torino Caballero, Luis F"]
[Black "Patino Andreu, Ramon"]
[Result "0-1"]
[WhiteElo "1954"]
[BlackElo "1992"]
[PlyCount "58"]
[EventDate "2009.11.28"]
[EventType "swiss"]
[EventRounds "10"]
[EventCountry "ESP"]
[Source "lmi"]
[SourceDate "2009.11.28"]

1. e4 e5 2. Nf3 Nc6 3. Bb5 a6 4. Bxc6 dxc6 5. O-O Bg4 6. d4 Bxf3 7. Qxf3 Qxd4
8. Rd1 Qc4 9. Nc3 Nf6 10. Qg3 Qe6 11. f4 exf4 12. Bxf4 Nh5 13. Qg5 Nxf4 14.
Qxf4 Bd6 15. e5 Bc5+ 16. Kh1 O-O 17. Ne4 Be7 18. Re1 Rad8 19. Qg3 Qg6 20. Qb3
b6 21. Re3 Rd4 22. Rae1 Rfd8 23. c3 Rd3 24. R3e2 h6 25. g3 Qh5 26. Qc4 Qf3+ 27.
Kg1 Rd1 28. b4 b5 29. Qxc6 Qxe2 0-1

[Event "8. Open Bali sub-2000"]
[Site "Benidorm ESP"]
[Date "2009.12.03"]
[Round "6.4"]
[White "Maza Broto, Pablo"]
[Black "Kohler, Paul"]
[Result "1-0"]
[WhiteElo "1990"]
[BlackElo "1901"]
[PlyCount "59"]
[EventDate "2009.11.28"]
[EventType "swiss"]
[EventRounds "10"]
[EventCountry "ESP"]
[Source "lmi"]
[SourceDate "2009.11.28"]

1. e4 g6 2. d4 Bg7 3. Nc3 d5 4. e5 c5 5. Nf3 Nc6 6. Bb5 cxd4 7. Qxd4 a6 8.
Bxc6+ bxc6 9. Be3 Qa5 10. O-O Nh6 11. Bxh6 Bxh6 12. Na4 O-O 13. Nc5 Rb8 14. a3
Bg7 15. b4 Qc7 16. c3 a5 17. Rfe1 Re8 18. Qe3 e6 19. h4 f6 20. h5 gxh5 21. exf6
Bxf6 22. Ne5 Qg7 23. Rac1 Bg5 24. f4 Bh4 25. Rf1 axb4 26. axb4 Ra8 27. Qh3 Ra2
28. g4 Be7 29. Qxh5 Bd6 30. Qxe8+ 1-0

[Event "8. Open Bali sub-2000"]
[Site "Benidorm ESP"]
[Date "2009.12.03"]
[Round "6.7"]
[White "Kolev, Vasil"]
[Black "Valdezate Suarez, Fernando"]
[Result "1-0"]
[WhiteElo "1996"]
[BlackElo "1963"]
[PlyCount "87"]
[EventDate "2009.11.28"]
[EventType "swiss"]
[EventRounds "10"]
[EventCountry "ESP"]
[Source "lmi"]
[SourceDate "2009.11.28"]

1. d4 Nf6 2. c4 g6 3. Nc3 Bg7 4. e4 d6 5. f3 O-O 6. Be3 e5 7. d5 c6 8. Bd3 a6
9. Nge2 b5 10. dxc6 bxc4 11. Bxc4 Nxc6 12. Qd2 Na5 13. Bd3 Be6 14. O-O d5 15.
exd5 Nxd5 16. Nxd5 Bxd5 17. Rfd1 Nc4 18. Bxc4 Bxc4 19. Qb4 Bxe2 20. Rxd8 Rfxd8
21. Rc1 Rab8 22. Qe7 Re8 23. Qa7 Rbc8 24. Rxc8 Rxc8 25. Qd7 Rb8 26. b3 Bf8 27.
Kf2 Bb5 28. Qc7 Re8 29. a4 Re7 30. Qc8 Re8 31. Qc7 Re7 32. Qc3 Be8 33. Qc8 Re6
34. Qb8 Kg7 35. Qc8 Bb4 36. Qb8 a5 37. Qa7 Bc3 38. Qc7 Bb4 39. Bb6 Bd6 40. Qa7
e4 41. fxe4 Rxe4 42. Qxa5 Bc6 43. Qc3+ f6 44. Qxc6 1-0

[Event "8. Open Bali sub-2000"]
[Site "Benidorm ESP"]
[Date "2009.12.03"]
[Round "6.8"]
[White "Moya Albaladejo, Jose Antonio"]
[Black "Sanchez Lopez, Diego"]
[Result "0-1"]
[WhiteElo "1962"]
[BlackElo "1990"]
[PlyCount "66"]
[EventDate "2009.11.28"]
[EventType "swiss"]
[EventRounds "10"]
[EventCountry "ESP"]
[Source "lmi"]
[SourceDate "2009.11.28"]

1. Nf3 d5 2. c4 e6 3. g3 c6 4. b3 f5 5. Bg2 Nf6 6. O-O Be7 7. d3 O-O 8. Nbd2
Nbd7 9. Bb2 Qe8 10. Qc2 Qg6 11. Rae1 f4 12. Ne5 Nxe5 13. Bxe5 fxg3 14. Bxg3 Nh5
15. e4 d4 16. e5 Nf4 17. Be4 Qh6 18. Kh1 Bd7 19. Nf3 c5 20. Bxb7 Rab8 21. Be4
Be8 22. Rg1 Bh5 23. Bxf4 Rxf4 24. Rg3 Rbf8 25. Kg2 Bxf3+ 26. Bxf3 Bh4 27. Bc6
Rxf2+ 28. Qxf2 Rxf2+ 29. Kxf2 Qd2+ 30. Re2 Qxd3 31. Be4 Qd1 32. Kf3 Bxg3 33.
hxg3 d3 0-1

[Event "8. Open Bali sub-2000"]
[Site "Benidorm ESP"]
[Date "2009.12.03"]
[Round "6.9"]
[White "Baeza Escudero, Javier"]
[Black "Moya De La Flor, Daniel"]
[Result "1-0"]
[WhiteElo "1956"]
[BlackElo "1989"]
[PlyCount "65"]
[EventDate "2009.11.28"]
[EventType "swiss"]
[EventRounds "10"]
[EventCountry "ESP"]
[Source "lmi"]
[SourceDate "2009.11.28"]

1. e4 c5 2. Nf3 d6 3. d4 cxd4 4. Nxd4 Nf6 5. Nc3 a6 6. Be3 e5 7. Nb3 Be7 8. f3
Be6 9. Qd2 Nbd7 10. g4 h6 11. O-O-O b5 12. Nd5 Bxd5 13. exd5 Nb6 14. Bxb6 Qxb6
15. Kb1 a5 16. Qe2 Rb8 17. f4 Nd7 18. fxe5 Nxe5 19. Nd4 O-O 20. h4 h5 21. gxh5
Bf6 22. Qe4 b4 23. h6 g6 24. Qf4 Bh8 25. h5 Kh7 26. Be2 a4 27. Rhg1 Qc5 28. Qe4
Rg8 29. Rdf1 Rb7 30. Bd3 Nxd3 31. Rxf7+ Rxf7 32. hxg6+ Kxh6 33. Qh4+ 1-0

[Event "8. Open Bali sub-2000"]
[Site "Benidorm ESP"]
[Date "2009.12.03"]
[Round "6.10"]
[White "Aledo Lopez, Angel"]
[Black "Rocher Munoz, Jordi"]
[Result "0-1"]
[WhiteElo "1988"]
[BlackElo "1953"]
[PlyCount "64"]
[EventDate "2009.11.28"]
[EventType "swiss"]
[EventRounds "10"]
[EventCountry "ESP"]
[Source "lmi"]
[SourceDate "2009.11.28"]

1. e4 d5 2. exd5 Qxd5 3. Nc3 Qd6 4. d4 c6 5. Nge2 Nf6 6. Bf4 Qd8 7. Qd2 e6 8.
O-O-O Bb4 9. f3 b5 10. g4 Nbd7 11. Qe3 Nb6 12. Ne4 Nfd5 13. Qb3 a5 14. c3 Be7
15. Bd2 Nc4 16. Re1 O-O 17. h4 f5 18. gxf5 exf5 19. Ng5 Nxd2 20. Kxd2 h6 21. f4
hxg5 22. hxg5 Bxg5 23. Rg1 Bh6 24. Bg2 Be6 25. Qd1 b4 26. Bxd5 Qxd5 27. Rg6
Qxa2 28. Rh1 Kh7 29. Qg1 Qxb2+ 30. Ke3 Bc4 31. Ng3 Qxc3+ 32. Kf2 Qxd4+ 0-1

[Event "8. Open Bali sub-2000"]
[Site "Benidorm ESP"]
[Date "2009.12.03"]
[Round "6.12"]
[White "Proorocu, Aurel-George"]
[Black "Cirjan, Daniel"]
[Result "1/2-1/2"]
[WhiteElo "1951"]
[BlackElo "1981"]
[PlyCount "37"]
[EventDate "2009.11.28"]
[EventType "swiss"]
[EventRounds "10"]
[EventCountry "ESP"]
[Source "lmi"]
[SourceDate "2009.11.28"]

1. e4 c5 2. Nf3 Nc6 3. d4 cxd4 4. Nxd4 e5 5. Nb5 d6 6. N1c3 a6 7. Na3 b5 8. Nd5
Nf6 9. Bg5 Be7 10. Bxf6 gxf6 11. c3 Be6 12. Nc2 f5 13. exf5 Bxf5 14. Nce3 Be6
15. Be2 O-O 16. Bd3 f5 17. Qh5 e4 18. Bc2 Ne5 19. f4 1/2-1/2